000 00973nam a2200217 a 4500
001 BRCA_6070
005 20190320205324.0
008 130608s1997----mx-a---###---#000-0#spa-#
050 4 _aN7914
_b.R63 1997
100 1 _aRocha Reyes, Juan Manuel
_915334
245 1 0 _aIconografía y restauración
_bel estudio iconográfico en la restauración de los bienes culturales sacros.
260 _aCiudad de México
_c1997
300 _a227 p.
_bil., diagramas
502 _aTesis Licenciatura (Licenciado en Restauración de Bienes Muebles) Escuela Nacional de Conservación, Restauración y Museografía ´Manuel del Castillo Negrete´
610 2 4 _aRetablo Relicario del Ex-Noviciado Jesuita de Tepoztlán (Morelos, México)
_vConservación y restauración
_915335
650 1 4 _aArte cristiano
_xIconografía
_915336
700 1 _aVega Cárdenas, Alfredo
_eCoautor
_915337
700 1 _aGómez Urquiza de la Macorra, Mercedes
_easesor
_915338
902 _aTES
942 _2lcc
_cTES
999 _c5757
_d5757